Szalánczy József volt képviselő halála
Elmentve itt :
| Dokumentumtípus: | Cikk |
|---|---|
| Megjelent: |
1927-02-16
|
| Sorozat: | Délmagyarország
3 No. 37 |
| Kulcsszavak: | Szalánczy József, Halálozás Aszaló község 1927 |
| Online Access: | http://dmarchiv.bibl.u-szeged.hu/37982 |
| LEADER | 00450nab a2200145 i 4500 | ||
|---|---|---|---|
| 001 | delm37982 | ||
| 005 | 20180927112922.0 | ||
| 008 | 180927s1927 hu o 0|| hun d | ||
| 040 | |a SZTE Délmagyarország Archívum |b hun | ||
| 041 | |a hun | ||
| 245 | 0 | 0 | |a Szalánczy József volt képviselő halála |h [elektronikus dokumentum] |
| 260 | |c 1927-02-16 | ||
| 300 | |a 3 | ||
| 490 | 0 | |a Délmagyarország |v 3 No. 37 | |
| 695 | |a Szalánczy József, Halálozás Aszaló község 1927 | ||